000 00792nam a22002777a 4500
003 OSt
005 20140310181920.0
008 130718t xxu||||| |||| 00| 0 eng d
020 _a9781589865587
050 _aPE 1128
_b.V467 2008
082 _aTR 428.4076
_bV56 2003
100 _aVentriglia, Linda
_91548
245 _aOpening doors :
_breading and writing activity book. Level 5 /
_cLinda Ventriglia.
260 _aMiami :
_bSantillan, U.S.A,
_cc2003.
300 _a283 p. :
_bill. map. ;
_c28 cm.
521 _aFaculty
541 _j1
541 _j2
541 _j3
541 _j4
541 _j5
562 _e5
650 _aReading Comprehension.
_9234
651 _aWriting
_xStudy and teaching.
_91549
942 _2lcc
_cBK-TR
_kTR
999 _c6956
_d6956